[Event "70th RUS-ch Superfinal Men 2017"]
[Site "St. Petersburg"]
[Date "2017.12.03"]
[Round "1"]
[White "Matlakov, Maxim"]
[Black "Tomashevsky, Evgeny"]
[Result "1/2-1/2"]
[WhiteElo "2735"]
[BlackElo "2713"]
[Annotator "TA"]
[PlyCount "134"]
[EventDate "2017.??.??"]
[EventType "tourn"]
[EventCountry "RUS"]
[SourceTitle "playchess.com"]
[Source "ChessBase"]
[SourceQuality "1"]

{[%evp 14,134,-22,-14,13,8,15,0,20,25,25,25,25,23,26,24,13,14,20,11,29,11,8,14,25,13,42,31,34,0,0,0,0,0,0,-12,-4,-55,-54,-49,-50,-36,-49,-70,-71,-63,-65,-80,-77,-68,0,0,0,-20,0,0,0,0,0,0,0,-76,-54,-81,-80,-79,-61,-59,-73,-70,-75,-74,-69,-72,-86,-77,-84,-86,-75,-79,-69,-74,-91,-93,-32,-35,-28,-52,-22,-20,-28,-122,-129,-112,-122,-170,-167,-151,-122,-120,-72,-122,-13,-13,-18,-67,-7,-7,0,-7,0,0,0,0,0,0,0,0,0,0,0,0,0]} 1. d4 Nf6 2. c4 e6 3. Nf3 d5 4. g3 Bb4+ 5. Nc3 O-O 6. Bg2 dxc4 7. O-O Nc6 8. Qa4 {LiveBook: 21 Games. E20: Nimzo-Indian: 4 g3 and 4 f3} Bd7 (8... Nd5 9. Qc2 Be7 10. Rd1 b6 11. e4 Ndb4 12. Qe2 Ba6 13. Be3 Na5 14. a3 Nd3 15. b4 Nb3 {½-½ (72) Grandelius,N (2644)-Mareco,S (2650) Linares 2017}) 9. Bg5 Rb8 $146 ({Predecessor:} 9... a5 10. Qb5 Nxd4 11. Qxc4 Nf5 12. Rfd1 Nd6 {0-1 (36) Mann,D (1612)-De Leeuw,D (1729) IECC email 1998}) 10. Rad1 Bxc3 11. bxc3 h6 {Hoping for ...Nxd4.} 12. Bxf6 $1 Qxf6 13. Qxc4 Rfc8 14. Nd2 {[%cal Bf3d2,Bd2e4,Be4c3,Bc3b5][%mdl 32]} Na5 15. Qb4 b6 16. Ne4 Qg6 17. c4 Rd8 18. Nc3 Be8 19. e3 Qf6 20. Nb5 c6 21. Nc3 ({Much weaker is} 21. Nxa7 Rb7 $17) 21... c5 22. dxc5 Qe7 23. Ne4 Nb7 24. Rxd8 Rxd8 25. Rb1 (25. a3 $11) 25... Bc6 $15 26. a4 Bxe4 27. Bxe4 Nxc5 28. Bf3 Qc7 29. Kg2 g6 30. h4 h5 31. Kg1 Qe5 (31... Rd3 $15) 32. a5 $11 Rd6 33. Qb5 Kg7 34. Qb2 Kf6 35. Qxe5+ Kxe5 36. axb6 Rxb6 {[%mdl 4096] Endgame KRB-KRN} 37. Ra1 (37. Rxb6 $11 {remains equal.} axb6 38. Kf1) 37... a6 38. g4 hxg4 39. Bxg4 Rb8 40. h5 f5 41. Bf3 gxh5 42. Bxh5 Rb2 43. Bf3 Kd6 44. Kg2 Kc7 45. Kg3 Rc2 46. Kg2 Rd2 47. Kg3 Rb2 48. Bg2 Rb4 (48... Kb6 $17 49. Rd1 Rc2) 49. Kf4 $15 Kd6 50. e4 Rxc4 {[%cal Rf5e4]} 51. f3 fxe4 {aiming for ...e5+.} 52. fxe4 {[#]} (52. Bf1 $1 $11 {was the only way to keep the balance.} Rc2 53. fxe4) 52... Ra4 $1 $17 53. Rd1+ Ke7 54. Rd2 {[#]} a5 $1 55. Rc2 Nd3+ 56. Ke3 Ne5 {Threatens to win with ...Ra3+.} 57. Bf1 Ng4+ (57... Ra3+ $17 58. Kd4 Kd6) 58. Kf4 $11 Nf6 59. Rc4 Ra1 ({Better is} 59... Rxc4 $15 60. Bxc4 Nd7) 60. Bd3 {The position is equal.} Nd7 61. Rc6 Ra3 62. Bc4 e5+ 63. Kf5 Rf3+ 64. Kg5 Rg3+ 65. Kf5 Rf3+ 66. Kg5 Rg3+ 67. Kf5 Rf3+ {Precision: White = 61%, Black = 54%.} 1/2-1/2

[Event "70th RUS-ch Superfinal Men 2017"]
[Site "St. Petersburg"]
[Date "2017.12.03"]
[Round "1"]
[White "Vitiugov, Nikita"]
[Black "Svidler, Peter"]
[Result "1/2-1/2"]
[WhiteElo "2722"]
[BlackElo "2765"]
[Annotator "TA"]
[PlyCount "43"]
[EventDate "2017.??.??"]
[EventType "tourn"]
[EventCountry "RUS"]
[SourceTitle "playchess.com"]
[Source "ChessBase"]
[SourceQuality "1"]

{[%evp 30,43,0,0,0,0,0,0,0,0,0,0,0,0,0,0]} 1. c4 e5 2. Nc3 Nf6 3. Nf3 Nc6 4. g3 d5 5. cxd5 Nxd5 6. Bg2 Nb6 7. O-O Be7 8. a3 O-O 9. b4 Re8 10. d3 Bf8 11. Bb2 a5 12. b5 Nd4 13. Nd2 c6 {A29: English Opening: Four Knights Variation with 4 g3} 14. bxc6 Nxc6 15. Na4 (15. Nc4 Be6 16. Nxb6 Qxb6 17. Rb1 Rad8 18. Ba1 Qc7 19. Qa4 Bd7 20. Qc4 Qc8 21. Bd5 {1-0 (45) Van Wely,L (2695)-Vachier Lagrave,M (2796) chess.com INT 2017}) 15... Nxa4 16. Qxa4 {LiveBook: 3 Games. The position is equal.} Bd7 17. Rfc1 Rb8 18. Qb3 $146 ({Predecessor:} 18. Qd1 Kh8 19. a4 Nb4 20. Nc4 f6 21. Bc3 {1-0 (39) Roesemann,R (2295)-Hentze,M (2137) Germany 2015}) 18... Be6 19. Qb5 Bd7 {[#] And now ...Nd4 would win.} 20. Qb3 Be6 21. Qb5 Bd7 {Threatens to win with ...Nd4.} 22. Qb3 1/2-1/2

[Event "70th RUS-ch Superfinal Men 2017"]
[Site "St. Petersburg"]
[Date "2017.12.03"]
[Round "1"]
[White "Fedoseev, Vladimir"]
[Black "Riazantsev, Alexander"]
[Result "1-0"]
[WhiteElo "2718"]
[BlackElo "2650"]
[Annotator "TA"]
[PlyCount "113"]
[EventDate "2017.??.??"]
[EventType "tourn"]
[EventCountry "RUS"]
[SourceTitle "playchess.com"]
[Source "ChessBase"]
[SourceQuality "1"]

{[%evp 21,113,14,16,16,19,7,16,7,21,43,54,37,42,17,26,16,11,-16,-3,-27,-22,-2,-8,0,0,0,8,0,13,0,11,0,22,7,38,44,119,119,365,346,363,363,352,358,329,277,448,347,385,372,440,433,529,529,520,466,474,461,508,508,638,528,585,487,526,522,506,472,546,521,636,625,723,715,686,652,734,678,666,642,541,524,588,583,816,815,1205,1206,1451,1233,5057,1544,4133,4133]} 1. d4 Nf6 2. c4 e6 3. g3 Bb4+ 4. Nd2 d5 5. Bg2 O-O 6. Ngf3 b6 7. O-O Bb7 8. a3 Be7 9. cxd5 exd5 10. b4 {E16: Queen's Indian: 4 g3 Bb7 5 Bg2 Bb4+} a5 11. b5 c6 {LiveBook: 3 Games} 12. bxc6 {The position is equal.} Nxc6 13. Bb2 a4 {[#]} 14. Ne5 $146 ({Predecessor:} 14. Qb1 b5 15. Ne5 Qb6 16. Nxc6 Bxc6 17. Bc3 Rfc8 {0-1 (40) Riazantsev,A (2651)-Gelfand,B (2719) Palma de Mallorca 2017}) 14... Nxe5 15. dxe5 Ne4 16. Nxe4 dxe4 17. Qc2 Qd5 18. Rfd1 Rfc8 19. Qb1 Qb3 20. Rd7 Bc6 $1 {[%cal Rc6d7]} 21. Rxe7 Kf8 22. Rxf7+ Kxf7 23. Bh3 Re8 24. Qc1 {And now e6+ would win.} Bd5 25. Bd4 $36 {[%mdl 2048] Black is under pressure.} Kg8 26. Rb1 Qc4 27. Qe3 Be6 28. Bg2 Rad8 (28... Bd5 $14) 29. Rb4 $16 Rxd4 $2 {[#]} (29... Qa6 $16) 30. Rxc4 $18 ({Not} 30. Qxd4 Qc1+ 31. Bf1 Bh3 $16) 30... Rd1+ 31. Bf1 Bxc4 32. Qxe4 b5 33. f4 Ra1 $2 (33... h6 34. Kf2 Rd2) 34. Qe3 Be6 35. Qc3 Rb1 {[#] aiming for ...Bh3.} 36. Qc6 {[%cal Rc6e8] White is clearly winning.} Re7 {White must now prevent ...Bh3.} 37. Kf2 b4 38. axb4 Rxb4 39. Bg2 Kf7 40. Qd6 Rb5 41. Qa6 Rb4 42. Qa5 Rd4 43. Ke3 Rdd7 {intending ...Ra7.} 44. Qxa4 Ra7 45. Qb4 g6 46. Bc6 Ra6 47. Qd6 Rd7 48. Qc5 ({And not} 48. Bxd7 Rxd6 49. exd6 Bxd7 $11) 48... Rd8 {next ...Rc8 is good for Black.} 49. Bb5 Rc8 50. Qb4 Ra7 51. Bd3 Rac7 52. Kf3 Bd5+ 53. e4 Ba8 54. Qd6 Rc3 55. Kg4 Bc6 56. e6+ (56. Qf6+ $142 Ke8 57. e6 Rxd3 58. Qf7+ Kd8 59. e7+ Kc7 60. e8=Q+ Bd7+ 61. Qee6) 56... Ke8 57. Qd4 {Precision: White = 68%, Black = 25%.} 1-0

[Event "70th RUS-ch Superfinal Men 2017"]
[Site "St. Petersburg"]
[Date "2017.12.03"]
[Round "1"]
[White "Malakhov, Vladimir"]
[Black "Romanov, Evgeny"]
[Result "1/2-1/2"]
[WhiteElo "2686"]
[BlackElo "2626"]
[Annotator "TA"]
[PlyCount "81"]
[EventDate "2017.??.??"]
[EventType "tourn"]
[EventCountry "RUS"]
[SourceTitle "playchess.com"]
[Source "ChessBase"]
[SourceQuality "1"]

{[%evp 13,81,15,24,26,37,19,31,37,39,21,23,22,43,0,15,0,47,39,53,42,40,35,39,43,59,10,11,12,5,11,11,16,38,17,10,8,17,14,16,2,8,0,0,0,0,0,0,-6,-10,-61,-61,-61,-61,-61,-61,-61,-61,-61,-61,-61,-61,-87,-87,-87,-3,-3,-3,-3,-3,-3]} 1. g3 d5 2. Nf3 c6 3. Bg2 Nf6 4. O-O Bg4 5. h3 Bxf3 6. exf3 {A07: Réti Opening: New York and Capablanca Systems} (6. Bxf3 e6 7. d4 Nbd7 8. Nd2 g6 9. e4 dxe4 10. Nxe4 Nxe4 11. Bxe4 Bg7 12. c3 O-O 13. Qb3 Nf6 14. Bf3 {½-½ (30) Banusz,T (2611)-Jobava,B (2687) Linares 2017}) 6... e6 7. f4 Nbd7 {LiveBook: 4 Games} 8. d4 {White has an edge.} g6 $146 ({Predecessor:} 8... Bd6 9. Nd2 O-O 10. Nf3 c5 11. c3 cxd4 12. cxd4 Rc8 13. Be3 Qb6 {0-1 (56) Kamer,K (2164)-Sakir,R (2021) Antalya 2017}) 9. a4 a5 10. b3 Bg7 11. Ba3 Bf8 12. Bb2 Bg7 13. Ba3 Bf8 14. Bb2 Bg7 15. Nd2 {[%cal Bb1d2,Bd2f3,Bf3e5][%mdl 32]} O-O 16. Nf3 Ne4 17. Ne5 f6 18. Nd3 Qb6 19. Bxe4 dxe4 {[#]} 20. Nc5 $1 {[%cal Rc5d7][%mdl 512]} Nxc5 21. dxc5 Qc7 22. Qd6 Qc8 23. Rad1 Rd8 24. Qe7 {[#] Rxd8+ is the strong threat.} Re8 25. Qd7 Rd8 26. Qxc8 Raxc8 27. Rd6 Rxd6 28. cxd6 $11 {[%mdl 4096] Endgame KRB-KRB} Rd8 29. Rd1 Kf7 30. c4 c5 $1 31. Kf1 (31. Bc3 $11 b6 32. Re1) 31... Bf8 $1 $15 32. d7 Ke7 $1 33. Ke2 f5 34. g4 Rxd7 35. Rxd7+ Kxd7 {KB-KB} 36. g5 Bd6 37. Be5 Bxe5 38. fxe5 b6 ({Black should try} 38... f4 $17) 39. Ke3 {The position is equal.} Ke7 40. h4 Kf7 41. Kf4 {Precision: White = 51%, Black = 65%.} 1/2-1/2

[Event "70th RUS-ch Superfinal Men 2017"]
[Site "St. Petersburg"]
[Date "2017.12.03"]
[Round "1"]
[White "Dubov, Daniil"]
[Black "Volkov, Sergey"]
[Result "1-0"]
[WhiteElo "2683"]
[BlackElo "2645"]
[Annotator "TA"]
[PlyCount "71"]
[EventDate "2017.??.??"]
[EventType "tourn"]
[EventCountry "RUS"]
[SourceTitle "playchess.com"]
[Source "ChessBase"]
[SourceQuality "1"]

{[%evp 13,71,13,5,25,61,53,68,59,48,42,83,68,43,31,45,45,47,47,43,57,123,119,86,54,57,58,64,27,27,23,29,25,129,119,117,110,141,118,285,268,415,401,408,408,393,404,692,702,668,690,656,641,608,546,558,558,920,841,980,962]} 1. d4 d5 2. c4 c6 3. Nf3 Nf6 4. Nc3 a6 5. Qc2 b5 6. e4 {D15: Slav Defence: 4 Nc3 a6 and gambit lines after 4 Nc3 dxc4} dxc4 7. b3 Qa5 {LiveBook: 4 Games} (7... b4 8. Nd1 c3 9. a3 e6 10. axb4 Bxb4 11. Ba3 c5 12. dxc5 Bxa3 13. Rxa3 {½-½ (23) Gelfand,B (2744)-Tomashevsky,E (2749) Khanty-Mansiysk 2015}) 8. Nd2 $146 {The position is equal.} ({Predecessor:} 8. Bd2 b4 9. bxc4 e5 10. Na4 exd4 11. c5 Nbd7 12. Rc1 Qc7 13. Bxb4 {1-0 (41) Smirnov,P (2595)-Volkov,S (2624) Khanty-Mansiysk 2016}) 8... e5 9. dxe5 Ng4 10. Be2 Nxe5 11. O-O Be7 12. bxc4 Be6 13. Nd5 cxd5 14. cxd5 Bd7 {White must now prevent ...0-0.} 15. Bb2 {Strongly threatening Nb3.} f6 16. f4 {[#]} Nc4 $1 17. Nxc4 $16 bxc4 18. Kh1 Qa4 19. Qd2 {[%mdl 1024] White has compensation.} Bb4 20. Bc3 a5 21. e5 O-O 22. e6 Rc8 (22... Bc8 $11) 23. a3 $1 {[%cal Ra3b4]} Bxc3 24. Qxc3 Qb3 {[#]} 25. Qd4 $1 c3 $2 {[#]} (25... Nc6 $16 {was worth a try.} 26. Qe4 (26. dxc6 Bxc6 27. e7 Kh8 $16) 26... Be8) 26. Rfb1 $1 $18 {[%cal Rb1b3]} a4 (26... Qa4 $142 27. exd7 Qxd7) 27. Rxb3 (27. exd7 Nxd7 28. Rxb3 axb3 $18) 27... axb3 28. exd7 Nxd7 29. Bg4 b2 (29... Rxa3 $142 30. Rg1 (30. Rxa3 c2 $16) 30... c2) 30. Rg1 {White is clearly winning.} Rcb8 31. Bf5 Rxa3 32. Bb1 Rc8 33. Qb4 Ra1 34. Qb7 Rca8 35. d6 ({But not} 35. Qxd7 $2 Rxb1 36. Qb7 (36. Rxb1 $2 c2 $19) (36. Qe6+ $2 Kh8 $19) 36... Rba1 $17) 35... g6 36. Qb3+ {Precision: White = 85%, Black = 45%.} ({Worse is} 36. Qxd7 Rxb1 37. Rxb1 (37. Qe6+ Kg7 $17) 37... c2 $17) 1-0

[Event "70th RUS-ch Superfinal Men 2017"]
[Site "St. Petersburg"]
[Date "2017.12.03"]
[Round "1"]
[White "Sjugirov, Sanan"]
[Black "Inarkiev, Ernesto"]
[Result "1/2-1/2"]
[WhiteElo "2650"]
[BlackElo "2689"]
[Annotator "TA"]
[PlyCount "143"]
[EventDate "2017.??.??"]
[EventType "tourn"]
[EventCountry "RUS"]
[SourceTitle "playchess.com"]
[Source "ChessBase"]
[SourceQuality "1"]

{[%evp 14,142,19,22,31,58,66,56,63,28,50,21,36,18,22,41,43,31,20,27,33,14,45,30,72,66,59,64,81,82,117,116,106,107,105,104,104,94,95,103,94,97,100,100,97,109,142,97,135,87,101,95,89,44,87,95,87,91,96,87,89,30,25,6,12,0,8,0,0,0,0,0,0,0,116,116,127,121,115,0,141,0,0,0,0,0,0,0,255,255,255,247,240,226,211,192,298,291,298,298,283,276,276,276,276,276,268,0,0,0,0,0,0,0,0,0,0,0,0,0,0,0,0,0,0,0,0,0,0,0,0]} 1. d4 Nf6 2. c4 e6 3. Nf3 d5 4. Nc3 Bb4 5. cxd5 exd5 6. Bf4 {D38: Queen's Gambit Declined: Ragozin Defence (4 Nf3 Bb4)} c6 7. e3 Bf5 8. Be2 {LiveBook: 3 Games} Ne4 (8... O-O 9. O-O Be7 10. Nh4 Bg6 11. Nxg6 hxg6 12. Qb3 Qb6 13. Qc2 a5 {0-1 (33) Ding,L (2777)-Aronian,L (2799) Tbilisi 2017}) 9. Qb3 Qb6 10. Bd3 $146 ({Predecessor:} 10. Rc1 Ba5 11. Bd1 Nd7 12. O-O Qxb3 13. Bxb3 Ndf6 14. Nxe4 Nxe4 {0-1 (50) Vocaturo,D (2600)-Deac,B (2543) Bastia 2016}) 10... Bg6 11. Qc2 Nf6 12. Ne5 {[%cal Re5g6]} Bxd3 13. Nxd3 Nbd7 14. O-O a5 15. a3 Be7 16. b4 O-O 17. Rab1 Rfc8 18. Nc5 Qa7 19. Nxd7 Nxd7 20. bxa5 Bd8 21. Rfc1 $1 Nf6 22. Be5 $1 Nd7 23. Bd6 Nf6 24. Qf5 Qa6 25. a4 Bc7 26. Be5 Ne8 27. h4 Bxe5 28. Qxe5 Rd8 29. Rb6 Qa7 30. Qe7 Nd6 31. Nb5 Qxa5 32. Nxd6 Qxb6 33. Qxf7+ Kh8 34. Qe6 Rf8 35. Nf7+ {[#]} Rxf7 $1 {[%mdl 512]} 36. Qxf7 $16 {[%mdl 4096] Endgame KQR-KQR} h6 37. g4 (37. f4 $16) 37... Qb2 $11 38. Rf1 Qe2 39. Qf5 Re8 40. Rb1 Kg8 $1 41. g5 Rf8 42. Qe6+ Kh8 43. Rf1 hxg5 (43... Qf3 $11 {keeps the balance.}) 44. hxg5 $16 {[%cal Bh4g5,Bg5g6][%mdl 32]} Qf3 45. g6 $1 Rf5 {( -> ...Qg4+)} 46. Qe8+ Rf8 47. Qe5 $40 {[%mdl 128] White has some attack.} ({White must play} 47. Qd7 $1 $16) 47... Qg4+ $11 48. Qg3 Qxg3+ 49. fxg3 {[%cal Rf1f8]} Rxf1+ $1 50. Kxf1 {aiming for a5. KP-KP} Kg8 $2 {[%mdl 8192] [#]} (50... b6 $1 $11) 51. a5 $1 $18 {Hoping for Ke1.} Kf8 52. Ke2 Ke7 53. Kd3 Kd6 54. Kc3 {And now Kb4 would win.} c5 {[#]} (54... Kc7 $142 55. Kb3 Kb8) 55. dxc5+ $1 Kxc5 56. Kd3 Kb5 57. Kd4 Kxa5 58. Kxd5 {Black must now prevent e4. K3P-KPP} b5 {Strongly threatening ...b4.} 59. e4 {Threatens to win with e5.} Kb6 60. g4 $2 (60. e5 $18 b4 61. Kd6) 60... b4 $11 {...b3 is the strong threat.The position is equal.} 61. Kc4 Ka5 62. g5 b3 63. Kxb3 {White wants to mate with Kc4. KP-KP} Kb5 64. Kc3 Kc5 65. Kd3 Kd6 66. Kd4 Ke6 67. e5 Ke7 68. Kd5 Kd7 69. e6+ Ke7 70. Ke5 Kd8 71. Kd6 (71. e7+ $5 Kxe7 72. Kd5 $11) 71... Ke8 72. e7 $4 {[%mdl 8192] Precision: White = 67%, Black = 81%.} (72. Kc6) 1/2-1/2

[Event "70th RUS-ch Superfinal Men 2017"]
[Site "St. Petersburg"]
[Date "2017.12.04"]
[Round "2"]
[White "Svidler, Peter"]
[Black "Dubov, Daniil"]
[Result "0-1"]
[WhiteElo "2765"]
[BlackElo "2683"]
[Annotator "TA"]
[PlyCount "62"]
[EventDate "2017.??.??"]
[EventType "tourn"]
[EventCountry "RUS"]
[SourceTitle "playchess.com"]
[Source "ChessBase"]
[SourceQuality "1"]

{[%evp 14,62,6,14,13,16,10,10,6,7,2,0,21,-11,5,-6,-10,-10,-15,-25,0,-20,-19,-21,4,-56,-66,-89,-84,-109,-113,-106,-111,-111,-102,-134,-71,-75,-66,-152,-139,-348,-357,-390,-390,-383,-383,-383,-370,-537,-507]} 1. c4 g6 2. Nc3 c5 3. g3 Bg7 4. Bg2 Nc6 5. Nf3 d6 6. O-O Bf5 7. h3 {A37: Symmetrical English vs ...g6: 4 Bg2 Bg7 5 Nf3} Qc8 (7... Rb8 8. d3 Nf6 9. Be3 O-O 10. Qd2 a6 11. Bh6 b5 12. Nd5 Re8 13. Bxg7 Kxg7 14. Nxf6 exf6 {0-1 (79) Kuzubov,Y (2637)-Anton Guijarro,D (2660) Minsk 2017}) 8. Kh2 {LiveBook: 3 Games} Nf6 9. d3 {The position is equal.} O-O 10. e4 Bd7 11. Be3 a6 12. Rc1 Rb8 13. Nd5 Qd8 14. b3 $146 ({Predecessor:} 14. Nxf6+ Bxf6 {0-1 (37) Medvedyk,V (2049)-Sidorika,V (2061) Chernivtsi 2017}) 14... e6 15. Nc3 e5 16. Ng1 Nd4 17. Nge2 b5 {[%cal Bb7b5,Bb5b4][%mdl 32]} 18. f4 exf4 19. gxf4 (19. Bxf4 $11 Nxe2 20. Qxe2) 19... b4 $36 {[%mdl 2048] Black fights for an advantage.} 20. Bxd4 cxd4 21. Nb1 Nh5 22. Nd2 f5 23. c5 dxc5 24. e5 g5 (24... Bb5 $142 25. Rxc5 Bxd3) 25. Rxc5 $17 {[#]} Qe7 $1 {[%cal Re7c5]} 26. Qc2 (26. Rd5 $15) 26... Rbc8 27. Qc4+ $2 (27. Rxc8 $17 Rxc8 28. Nc4) 27... Be6 $19 28. Qxe6+ Qxe6 29. Bd5 Rxc5 30. Bxe6+ Kh8 31. Bc4 (31. Kg2 {is a better defense.} Rc2 32. Rd1) 31... Nxf4 {Precision: White = 31%, Black = 67%.} 0-1

[Event "70th RUS-ch Superfinal Men 2017"]
[Site "St. Petersburg"]
[Date "2017.12.04"]
[Round "2"]
[White "Tomashevsky, Evgeny"]
[Black "Fedoseev, Vladimir"]
[Result "0-1"]
[WhiteElo "2713"]
[BlackElo "2718"]
[Annotator "TA"]
[PlyCount "84"]
[EventDate "2017.??.??"]
[EventType "tourn"]
[EventCountry "RUS"]
[SourceTitle "playchess.com"]
[Source "ChessBase"]
[SourceQuality "1"]

{[%evp 18,84,14,7,17,10,10,6,6,0,0,0,0,-10,-20,-7,-5,-11,-11,-36,-35,-25,-24,-28,-45,-119,-66,-61,-59,-70,-66,-72,-72,-62,-31,-78,-74,-147,-132,-184,-191,-203,-194,-197,-136,-144,-97,-162,-129,-128,-119,-125,-112,-131,-134,-181,-141,-191,-189,-216,-192,-199,-189,-206,-184,-265,-267,-390,-383]} 1. d4 d5 2. c4 c6 3. Nf3 Nf6 4. e3 Bf5 5. Nc3 a6 6. Be2 {D15: Slav Defence: 4 Nc3 a6 and gambit lines after 4 Nc3 dxc4} h6 7. Bd3 (7. Qb3 b5 8. cxd5 cxd5 9. a4 b4 10. Qxb4 Nc6 11. Qb3 e6 12. O-O Bd6 13. a5 O-O {½-½ (102) Wojtaszek,R (2736)-Fedoseev,V (2726) Dortmund 2017}) 7... Bxd3 8. Qxd3 e6 9. O-O Bb4 10. Bd2 {LiveBook: 25 Games. Threatening Nxd5.} O-O 11. Rfd1 Ba5 12. Rab1 Nbd7 {[%cal Bb8d7,Bd7b6,Bb6c4][%mdl 32]} 13. b4 Bc7 {[#]} 14. e4 $146 Nb6 15. cxd5 cxd5 16. e5 Nfd7 17. Ne2 Nc4 18. Nf4 Qe8 19. Re1 g5 20. Ne2 f6 21. Bc3 (21. exf6 $15 Rxf6 22. Bc3) 21... fxe5 (21... Qf7 $17 {[%cal Rf6e5]} 22. exf6 Nxf6) 22. Nxe5 $15 Ndxe5 23. dxe5 Bxe5 24. Bxe5 Nxe5 25. Qg3 Nc4 26. f4 Qg6 $36 {[%mdl 2048] Black is really pushing.} 27. Nd4 (27. Rbd1 $142) 27... Nd2 $17 28. f5 (28. Rb2 $17 Ne4 29. Qh3) 28... exf5 $19 {[#] Threatens to win with ...f4.} 29. Rbd1 Ne4 30. Qe5 Qf7 ({Better is} 30... Rf7 $19 31. Nc2 Qb6+ 32. Qd4 Qxd4+ 33. Rxd4 Nf6) 31. Nc2 $17 {[#]} d4 $1 32. Rxd4 (32. Qxd4 $17 Rae8 33. a3) (32. Nxd4 Rae8) 32... Rae8 (32... Qxa2 33. Rd7 $17) 33. Qd5 Qxd5 34. Rxd5 f4 35. a3 Kg7 36. Nd4 Kg6 37. Nf3 {next Ne5+ is good for White.} Nf6 38. Rd6 Rxe1+ 39. Nxe1 Re8 40. Nd3 Kf5 41. b5 (41. Kf1 $142) 41... a5 $19 ({Much less strong is} 41... axb5 42. Rb6 $19) 42. b6 (42. h3 {was called for.}) 42... Re7 {Precision: White = 31%, Black = 89%.} 0-1

[Event "70th RUS-ch Superfinal Men 2017"]
[Site "St. Petersburg"]
[Date "2017.12.04"]
[Round "2"]
[White "Inarkiev, Ernesto"]
[Black "Volkov, Sergey"]
[Result "1/2-1/2"]
[WhiteElo "2689"]
[BlackElo "2645"]
[Annotator "TA"]
[PlyCount "52"]
[EventDate "2017.??.??"]
[EventType "tourn"]
[EventCountry "RUS"]
[SourceTitle "playchess.com"]
[Source "ChessBase"]
[SourceQuality "1"]

{[%evp 21,52,26,39,42,42,42,40,41,42,10,88,-25,-20,0,0,0,0,0,0,0,0,0,0,0,0,0,0,0,0,0,0,0,0]} 1. e4 e6 2. d4 d5 3. Nc3 Nf6 4. e5 Nfd7 5. f4 c5 6. Nf3 Nc6 7. Be3 Be7 8. Qd2 O-O 9. dxc5 Qa5 {C11: French: Classical System: 4 e5 and 4 Bg5 dxe4} (9... Nxc5 10. O-O-O Qa5 11. Kb1 Rd8 12. Nd4 Bf8 13. g4 Bd7 14. h4 Rab8 15. Nce2 Qxd2 16. Rxd2 Ne4 17. Rd1 Nxd4 18. Bxd4 {1-0 (34) Adhiban,B (2670)-Korobov,A (2711) Khanty-Mansiysk 2017}) 10. a3 Bxc5 11. O-O-O Rd8 {LiveBook: 9 Games. White has an edge.} 12. Bxc5 Nxc5 13. h4 {[%cal Bh2h4,Bh4h5][%mdl 32]} Bd7 14. h5 h6 15. g4 Be8 {[#]} (15... d4 $11 16. Nb5 Qxd2+ 17. Nxd2 d3) 16. Qe3 $146 (16. g5 $16 d4 17. Nb5 hxg5 18. Nxg5 (18. b4 Qa4 $15)) ({Predecessor:} 16. Nb5 Qxd2+ 17. Rxd2 {½-½ (48) Eliseev,U (2530)-Volkov,S (2599) Kaliningrad 2015}) 16... d4 $1 $11 {[%cal Rd4e3]} 17. Nxd4 {The position is equal.} Nxd4 18. Rxd4 Qb6 $1 {[#] ...Rxd4 is the strong threat.} 19. Rxd8 $1 Nb3+ $1 20. Kb1 {Strongly threatening Qxb6.} Qxe3 21. Rxa8 Qe1+ 22. Ka2 Nc1+ 23. Ka1 Nb3+ $1 24. Ka2 Nc1+ 25. Ka1 Nb3+ $1 26. Ka2 Nc1+ {Precision: White = 70%, Black = 67%.} 1/2-1/2

[Event "70th RUS-ch Superfinal Men 2017"]
[Site "St. Petersburg"]
[Date "2017.12.04"]
[Round "2"]
[White "Riazantsev, Alexander"]
[Black "Malakhov, Vladimir"]
[Result "1/2-1/2"]
[WhiteElo "2650"]
[BlackElo "2686"]
[Annotator "TA"]
[PlyCount "84"]
[EventDate "2017.??.??"]
[EventType "tourn"]
[EventCountry "RUS"]
[SourceTitle "playchess.com"]
[Source "ChessBase"]
[SourceQuality "1"]

{[%evp 14,84,41,0,50,35,24,34,29,37,37,32,31,43,54,48,44,38,50,45,37,13,127,73,68,72,71,62,103,86,108,97,110,117,116,108,118,127,136,135,137,135,205,209,196,193,204,142,137,87,77,68,84,93,93,81,83,81,76,15,23,9,10,6,8,6,6,4,2,0,0,0,0]} 1. d4 d5 2. c4 c6 3. Nc3 Nf6 4. e3 a6 5. Nf3 Bf5 6. cxd5 {D15: Slav Defence: 4 Nc3 a6 and gambit lines after 4 Nc3 dxc4} (6. Be2 h6 7. Qb3 b5 8. cxd5 cxd5 9. a4 b4 10. Qxb4 Nc6 11. Qb3 e6 12. O-O Bd6 13. a5 O-O {½-½ (102) Wojtaszek,R (2736)-Fedoseev,V (2726) Dortmund 2017}) 6... cxd5 7. Ne5 Nc6 8. Qb3 {LiveBook: 3 Games. White is slightly better.} Bc8 (8... Qc7 {seems wilder.} 9. Be2 Rc8 10. O-O e6 11. g4 Bg6) 9. Bd2 e6 10. Nxc6 bxc6 11. Rc1 $146 ({Predecessor:} 11. Bd3 Bd6 12. Na4 Rb8 13. Qc2 Bb7 14. Nc5 Bxc5 15. Qxc5 {1-0 (41) Necevski,A (2277)-Radovanovic,D (1876) Nis 2013}) 11... Bd6 12. Bd3 O-O 13. Na4 e5 14. dxe5 Bxe5 15. Qb6 Qe8 16. Bb4 Rb8 17. Qa5 Bc7 (17... Bf5 $11 {remains equal.} 18. Bxf5 Rb5 19. Qxa6 Rxb4) 18. Qxc7 (18. Qc5 $142) 18... Rxb4 $16 19. b3 $36 {[%mdl 2048] White is on the roll.} d4 20. e4 Nxe4 21. O-O {[#] Strongly threatening Rce1.} Nf6 22. Rfe1 Qd8 23. Qxd8 Rxd8 24. Rxc6 Bd7 25. Rxa6 Bxa4 26. Rxa4 Rxa4 27. bxa4 {[%mdl 4096] Endgame KRB-KRN} Nd5 (27... Ra8 $16) 28. a5 $18 Nb4 29. Bb5 {a6 is the strong threat.} Kf8 30. a6 d3 31. a3 d2 32. Rd1 Na2 $1 {[%cal Ra2c3] [#] Hoping for ...Nc3.} 33. a7 Nc3 34. Rxd2 $1 Ra8 35. Bc4 {And now Rd7 would win.} Rxa7 36. g3 (36. Rb2 $16) 36... Nb1 $11 37. Rd8+ Ke7 {The position is equal.} 38. Rg8 Nxa3 39. Bd3 g6 40. Rb8 Rc7 41. Rb3 Nc2 42. Bxc2 Rxc2 {Precision: White = 63%, Black = 78%.} 1/2-1/2